[Event "SUI-chT"]
[Site "Switzerland"]
[Date "2010.04.25"]
[Round "3.7"]
[White "Bellmann, Rambert"]
[Black "Gloor, Roger"]
[Result "1-0"]
[WhiteElo "2079"]
[BlackElo "2128"]
[PlyCount "59"]
[EventDate "2010.02.14"]
[EventType "team-tourn"]
[EventRounds "9"]
[EventCountry "SUI"]
[SourceTitle "EXT 2011"]
[Source "ChessBase"]
[SourceDate "2010.11.26"]
[SourceVersion "1"]
[SourceVersionDate "2010.11.26"]
[SourceQuality "1"]
[WhiteTeam "Tribschen"]
[BlackTeam "Luzern"]
[WhiteTeamCountry "SUI"]
[BlackTeamCountry "SUI"]

1. d4 Nf6 2. Nf3 g6 3. c4 Bg7 4. Nc3 0-0 5. e4 d6 6. h3 e5 7. d5 Na6 8. Bg5 h6 9. Be3 Nc5 10. Nd2 a5 11. g4 Nh7 12. h4 f5 13. exf5 gxf5 14. g5 e4 15. Rg1 Kh8 16. Nb3 Qe7 17. Nxc5 dxc5 18. Qd2 Rg8 19. 0-0-0 hxg5 20. hxg5 Bh6 21. g6 Bxe3 22. Qxe3 Ra6 23. d6 Rxd6 24. Rxd6 Qxd6 25. Qh6 Rg7 26. Nd5 Bd7 27. Nf4 Be8 28. Rg3 Rd7 29. g7+ Kg8 30. Qxh7+ 1-0